Sacred writings (Record no. 6836)

MARC details
000 -LEADER
fixed length control field 01369nam a22001937a 4500
003 - CONTROL NUMBER IDENTIFIER
control field GBCCL
005 - DATE AND TIME OF LATEST TRANSACTION
control field 20241126110613.0
008 - FIXED-LENGTH DATA ELEMENTS--GENERAL INFORMATION
fixed length control field 180629b ||||| |||| 00| 0 eng d
040 ## - CATALOGING SOURCE
Transcribing agency GBC
082 ## - DEWEY DECIMAL CLASSIFICATION NUMBER
Classification number 229
Item number SAC
245 ## - TITLE STATEMENT
Title Sacred writings
Statement of responsibility, etc. edited by Jaroslav Pelikan;
260 ## - PUBLICATION, DISTRIBUTION, ETC.
Place of publication, distribution, etc. New York, N.Y. :
Name of publisher, distributor, etc. Quality Paperback Book Club,
Date of publication, distribution, etc. ©1992.
300 ## - PHYSICAL DESCRIPTION
Extent 7 volumes
505 ## - FORMATTED CONTENTS NOTE
Formatted contents note [V.1.] Judaism: The Tanakh / The new JPS translation --<br/>[V.2.] Christianity: The Apocrypha and the new testament / from the revised English Bible --<br/>[V.3.] Islam: The Qur'an / A contemporary translation by Ahmed Ali --<br/>[V.4.] Confucianism: The Analects of Confucius / translated by Arthur Waley --<br/>[V.6.] Buddhism: The Dhammapada / translated by John Ross Carter and Mahinda Palihawadana --<br/>[V.5.] Hinduism: The Rig Veda / translated by Ralph T.H. Griffith --<br/>[V.7.] On searching the scriptures --<br/>your own or someone else's / Jaroslav Pelikan.
505 ## - FORMATTED CONTENTS NOTE
Formatted contents note Islam : The Qur'an.<br/>Judaism : the Tanakh.<br/>Christianity : the apocrypha and the new testament.<br/>Confucianism : the Analects of Confucius.<br/>Buddhism : the Dhammapada.<br/>Hinduism : the Rig Veda.<br/>On searching the scriptures--your own or someone else's.<br/>Tanakh.<br/>Dhammapada.<br/>Rig Veda.<br/>New Testament.<br/>Apocrypha.<br/>Qur'an.
650 ## - SUBJECT ADDED ENTRY--TOPICAL TERM
Topical term or geographic name entry element Sacred books -- History and criticism.
9 (RLIN) 12251
650 ## - SUBJECT ADDED ENTRY--TOPICAL TERM
Topical term or geographic name entry element Sacred books.
9 (RLIN) 12252
942 ## - ADDED ENTRY ELEMENTS (KOHA)
Source of classification or shelving scheme Dewey Decimal Classification
Koha item type Books
Holdings
Withdrawn status Lost status Source of classification or shelving scheme Damaged status Not for loan Home library Current Library Shelving location Date acquired Total checkouts Full call number Barcode Date last seen Copy number Price effective from Koha item type
    Dewey Decimal Classification     GRACE BIBLE COLLEGE GRACE BIBLE COLLEGE Bible 2018-06-29   229 SAC 005072 2025-05-01 v.2 2018-06-29 Reference Books
© Grace Bible College Library 2025